Upper Limb - 1 - Statistics

General Stats
  • This quiz has been taken 37 times
  • The average score is 9 of 15
Answer Stats
Hint Answer % Correct
In the forearm is there a medial intermuscular septum? No
92%
How many muscles are there in the anterior arm? 3
79%
Which major supericial vein in the upper limb runs most medially, in the anatomical position? Basilic
75%
Which is the only head of triceps brachii to have an effect on the shoulder joint? Long
75%
Which is the only one not to have an attatchment to the coracoid process of the scapula, but instead inserts into the coranoid process of the ulna? Brachialis
71%
Which is the only one to insert into the radius, into a tuberosity named after it? Biceps brachii
67%
Which nerve is the muscle innervated by? Radial
67%
Which nerve supplies them all? Musculocutaneous
58%
The cubital fossa is a triangular region anterior to the elbow, the lateral border of it is brachioradialis, which muscle forms the medial border? Pronator teres
58%
What is the name given to the connection between the two veins, that normally lies around the cubital fossa? Median cubital vein
54%
Whaty cord of the brachial plexus does it arise from? Lateral
50%
At the lower border of which muscle does the axilary atery become the brachial? Teres major
50%
What type of corpuscles are used to detect vibration and pressure? Pacinian
46%
Theover vein runs up the radial side of the arm to lie in the deltopectoral grove, which fascia does it then pierce to join the axillary artery? Clavipectoral
17%
From what do the two veins originate from? Dorsal venous arch
13%
No matching quizzes found
Score Distribution
Percent of People with Each Score
Percentile by Number Answered
Your Score History
You have not taken this quiz